000 01188nam a2200289Ia 4500
005 20220316235253.0
008 121119s2003 ck grl 000 0 spa
020 _a9586532488
041 0 _aspa
082 0 4 _aR 346.046
_bC64C
110 1 _aColombia
_921445
245 1 0 _aCódigo nacional de recursos naturales renovables y de protección al medio ambiente
_bdecreto 2811 de 1974
250 _aPrimera edición
300 _a478 páginas
_e1 CD-ROM
490 0 _aCódigos básicos
500 _aAcompañado de: Ley 99 de 1993. Tratados y convenios internacionales sobre medio ambiente ratificados por Colombia y 1 CD-ROM, consultar el CD-ROM con número de clasificación : R 346.046 C64c
650 1 4 _aControl ambiental
_xLegislación
_zColombia
_2LEMB
650 1 4 _aProtección del medio ambiente
_xLegislación
_zColombia
_2LEMB
650 1 4 _aPolítica ambiental
_xLegislación
_zColombia
_2LEMB
650 1 4 _aGestión ambiental
_xLegislación
_zColombia
_2LEMB
942 _2ddc
_cBK
264 _aBogotá
_bLegis
_c2003
336 _atexto
_btxt
_2rdacontent
337 _asin mediación
_bn
_2rdamedia
338 _avolumen
_bnc
_2rdacarrier
040 _aCO-BoRNBP
_bspa
_erda
_cCO-BoRNBP
999 _c443
_d443